El auge de la empresa multinacional española / (Record no. 180884)

MARC details
000 -LEADER
campo de control de longitud fija 01127nam a2200301 i 4500
001 - NÚMERO DE CONTROL
campo de control 180884
003 - IDENTIFICADOR DE NÚMERO DE CONTROL
campo de control ES-MaACL
005 - FECHA Y HORA DE LA ÚLTIMA TRANSACCIÓN
campo de control 20230930212211.0
008 - DATOS DE LONGITUD FIJA--INFORMACIÓN GENERAL
campo de control de longitud fija 120807s2006 sp cdfo |||| | spa d
020 ## - NÚMERO INTERNACIONAL ESTÁNDAR DEL LIBRO
Número Internacional Estándar del Libro 84-9768-286-6
080 ## - NÚMERO DE LA CLASIFICACIÓN DECIMAL UNIVERSAL
Número de la Clasificación Decimal Universal 334.726(460)
100 1# - ENTRADA PRINCIPAL--NOMBRE DE PERSONA
Nombre de persona Guillén, Mauro F.
9 (RLIN) 60770
245 13 - MENCIÓN DEL TÍTULO
Título El auge de la empresa multinacional española /
Mención de responsabilidad, etc. Mauro F. Guillén ; traducción de Purificación Flórez.
260 ## - PUBLICACIÓN, DISTRIBUCIÓN, ETC.
Lugar de publicación, distribución, etc. Madrid :
Nombre del editor, distribuidor, etc. Marcial Pons, Ediciones Jurídicas y Sociales,
Fecha de publicación, distribución, etc. 2006.
300 ## - DESCRIPCIÓN FÍSICA
Extensión 282 p., [16] p. de lám. fot. :
Otras características físicas gráf. ;
Dimensiones 24 cm.
490 1# - MENCIÓN DE SERIE
Mención de serie Economía y empresa ;
Designación de volumen o secuencia 6
500 ## - NOTA GENERAL
Nota general Índice.
504 ## - NOTA DE BIBLIOGRAFÍA, ETC.
Nota de bibliografía, etc. Bibliografía: p. [255]-271.
650 07 - PUNTO DE ACCESO ADICIONAL DE MATERIA--TÉRMINO DE MATERIA
Término de materia o nombre geográfico como elemento de entrada Multinacionales-
Subdivisión geográfica España.
9 (RLIN) 15355
700 1# - ENTRADA AGREGADA--NOMBRE PERSONAL
Nombre de persona Flórez, Purificación.
9 (RLIN) 151242
710 2# - ENTRADA AGREGADA--NOMBRE DE ENTIDAD CORPORATIVA
Nombre de entidad corporativa o nombre de jurisdicción como elemento de entrada Fundación Rafael del Pino.
9 (RLIN) 4399
830 0# - PUNTO DE ACCESO ADICIONAL DE SERIE-TÍTULO UNIFORME
Título uniforme Economía y empresa ;
Designación de volumen o secuencia 6
9 (RLIN) 180436
852 ## - LOCALIZACIÓN
Ubicación ES-MaACL
Número de control de estantería A-12163
itemnumber 187761
Sublocalización o colección R.147105
Ubicación en estantería Depósito 1
Signatura antigua Olim: N-5168
Encuadernación Donación: Real Academia Española
903 ## - NOMBRE PERSONAL DE DONANTE
a Real Academia Española
914 ## - NOMBRE ENTIDAD DE DONANTE
RLIN 6336
Nombre de congreso/reunión o jurisdicción como elemento de entrada Real Academia Española
Unidad subordinada Donante
942 ## - ELEMENTOS DE ENTRADA SECUNDARIOS (KOHA)
Fuente del sistema de clasificación o colocación Clasificación decimal universal
Tipo de ítem Koha Libro impreso
Holdings
Estatus retirado Estado de pérdida Fuente del sistema de clasificación o colocación Estado de daño No para préstamo Biblioteca de origen Biblioteca actual Ubicación en estantería Fecha de adquisición Fuente de adquisición Total de préstamos Signatura topográfica completa Código de barras Visto por última vez Precio de reemplazo Tipo de ítem Koha
    Clasificación decimal universal     Biblioteca del Ateneo de Madrid Biblioteca del Ateneo de Madrid Depósito 1 07/08/2012 Donación   A-12163 1190076 23/02/2023 23/02/2023 Libro impreso